Completa il nome del gruppo musicale - Statistics

Statistiche generali
  • Questo quiz è stato fatto 441 volte
  • Il punteggio medio è 23 su 29
Statistiche sulle risposte
Hint Risposta % Corretto
The Rolling Stones
95%
U 2
93%
Imagine Dragons
93%
Maroon 5
92%
Backstreet Boys
92%
One Direction
92%
Guns N’ Roses
92%
Red Hot Chili Peppers
91%
Pink Floyd
90%
Linkin Park
88%
Led Zeppelin
88%
Green Day
86%
Spice Girls
86%
Iron Maiden
83%
Bee Gees
81%
Depeche Mode
81%
Arctic Monkeys
80%
Daft Punk
80%
Twenty One Pilots
79%
Panic! At the Disco
77%
Foo Fighters
75%
Thirty Seconds to Mars
72%
Deep Purple
71%
Black Sabbath
69%
Pearl Jam
68%
Sex Pistols
66%
System of a Down
58%
Bring Me the Horizon
53%
Sum 41
52%
Nessun quiz corrispondente trovato
Distribuzione punteggi
Percentuale di utenti per punteggio
Percentile per numero di risposta
I tuoi punteggi nel tempo
Non hai fatto questo quiz